00300nam a2200121Ia 4500008004100000082001800041100001300059245004500072250000800117260003700125300000800162650000800170191201s2006 xx 000 0 und d a658.4012bKAB aKAZMI, A 0aBusiness Policy and Stranegic Management a2nd aN.DelhibTata Mc Graw Hillc2006 a619 aMBA